| 000 | 01312nam a2200301 i 4500 | ||
|---|---|---|---|
| 001 | bg | ||
| 003 | BPK | ||
| 005 | 20200428143120.0 | ||
| 008 | 070619s1973 pl a f |000 0 pol | ||
| 015 | _aPB 1973/10602 | ||
| 040 |
_aWA N _cBPK |
||
| 080 | _a51 | ||
| 080 | _a378.244 | ||
| 080 | _a(075.3-021.66) | ||
| 100 | 1 |
_aLeitner, Roman _d(1914-2008). _eAutor |
|
| 245 | 1 | 0 |
_aMatematyka : _bdla kandydatów na wyższe uczelnie _nCz. 1, _p[Logika, zbiory, liczby rzeczywiste, funkcje, równania i nierówności, układy równań, ciągi, logarytmy, granice, pochodne, całki / _cRoman Leitner, Wojciech Żakowski. |
| 246 | 3 | 0 | _aLogika, zbiory, liczby rzeczywiste, funkcje, równania i nierówności, układy równań, ciągi, logarytmy, granice, pochodne, całki |
| 250 | _aWyd. 9. | ||
| 260 |
_aWarszawa : _bWydawnictwa Naukowo-Techniczne, _c1973. |
||
| 300 |
_a317 s. : _bil. ; _c23 cm. |
||
| 650 | 4 |
_aMatematyka _xszkoły średnie. |
|
| 655 | 4 | _aPodręczniki dla szkół średnich | |
| 650 | 4 | _aEgzaminy do szkół wyższych | |
| 710 | 2 |
_aWydawnictwa Naukowo-Techniczne _4pbl. |
|
| 700 | 1 |
_aŻakowski, Wojciech _d(1929-1993) _eAutor |
|
| 856 |
_uhttp://koha.tu.koszalin.pl/cgi-bin/koha/opac-detail.pl?biblionumber=2800 _yKatalog online BPK |
||
| 942 |
_2UKD _cKS |
||
| 999 |
_c2800 _d2800 |
||